000
00292nam a2200121Ia 4500
008
190216s9999||||xx |||||||||||||| ||und||
100
_a
Frederick J Hoffman
245
0
_a
William Faulkner
260
_b
Popular Prakashan
_c
1967
300
_a
160p
650
_a
English Literature
942
_c
BK
999
_c
12471
_d
12471